Vista normal
Vista MARC
Entrada Topical Term
Número de registros utilizados en: 1
001 - CONTROL NUMBER
- control field: 43312
003 - CONTROL NUMBER IDENTIFIER
- control field: OSt
005 - DATE AND TIME OF LATEST TRANSACTION
- control field: 20240208202714.0
008 - FIXED-LENGTH DATA ELEMENTS
- fixed length control field: 240208|| aca||aabn | a|a d
040 ## - CATALOGING SOURCE
- Original cataloging agency: OSt
- Transcribing agency: OSt
150 ## - HEADING--TOPICAL TERM
- Topical term or geographic name entry element: Referencias bibliograficas
- Form subdivision: Compilación
670 ## - SOURCE DATA FOUND
- Source citation: Work cat.: (OSt)30540: Pabón Perez, Hugo Leonardo autor 43310, Bibliografía de y sobre German Arciniegas / , 2001